Music Quiz

Random Music or Song Quiz

'Carry On Wayward Son' Lyrics Quiz Stats

 Plays Quiz Updated Mar 5, 2016

Challenge
Share
Tweet
Embed
Score 0/242 Timer 10:00
0 Plays Today
% Correct
on
99.2%
on
99.2%
On
99.2%
on
99.2%
on
99.2%
on
99.2%
on
99.2%
on
99.2%
Carry
98.9%
Carry
98.9%
Carry
98.9%
Carry
98.9%
Carry
98.9%
Carry
98.9%
son
98.6%
son
98.6%
son
98.6%
son
98.6%
wayward
98.5%
wayward
98.5%
wayward
98.5%
wayward
98.5%
my
97.6%
my
97.6%
my
97.6%
my
97.6%
My
97.6%
my
97.6%
my
97.6%
you
97.4%
you
97.4%
you
97.4%
you
97.4%
you
97.4%
you
97.4%
You
97.4%
you
97.4%
you
97.4%
you
97.4%
you
97.4%
be
96.4%
be
96.4%
be
96.4%
be
96.4%
be
96.4%
Don't
95.9%
don't
95.9%
Don't
95.9%
Don't
95.9%
Don't
95.9%
when
95.3%
when
95.3%
when
95.3%
when
95.3%
when
95.3%
There'll
95.1%
There'll
95.1%
There'll
95.1%
There'll
95.1%
are
95%
are
95%
are
95%
are
95%
the
94.7%
the
94.7%
the
94.7%
the
94.7%
the
94.7%
the
94.7%
the
94.7%
the
94.7%
Don't
94.4%
no
94.1%
no
94.1%
no
94.1%
no
94.1%
no
94.1%
No
94.1%
a
93.9%
a
93.9%
a
93.9%
% Correct
a
93.9%
a
93.9%
a
93.9%
a
93.9%
a
93.9%
to
92.5%
to
92.5%
to
92.5%
to
92.5%
to
92.5%
to
92.5%
more
92.5%
more
92.5%
more
92.5%
more
92.5%
more!
92.5%
cry
92%
cry
92%
cry
92%
cry
92%
cry
92%
done
92%
done
92%
done
92%
done
92%
peace
91.6%
peace
91.6%
peace
91.6%
peace
91.6%
your
90.8%
your
90.8%
your
90.8%
your
90.8%
your
90.8%
rest
87.9%
rest
87.9%
rest
87.9%
rest
87.9%
head
87.6%
head
87.6%
head
87.6%
head
87.6%
I
87%
I
87%
I
87%
I
87%
I
87%
I
87%
I
87%
I
87%
I
87%
I
87%
I
87%
weary
86.7%
weary
86.7%
weary
86.7%
weary
86.7%
Lay
86.7%
Lay
86.7%
Lay
86.7%
Lay
86.7%
and
74.6%
And
74.6%
man
65.6%
man
65.6%
man
65.6%
man
65.6%
was
64.4%
was
64.4%
was
64.4%
But
62.3%
But
62.3%
too
61.9%
confusion
60.5%
hear
59.8%
hear
59.8%
hear
59.8%
can
59.4%
ever
59.2%
Once
59%
will
58.6%
% Correct
this
58.6%
high
57.9%
say
57.9%
say
57.9%
of
57.6%
of
57.6%
of
57.6%
Just
57.5%
noise
57.2%
life's
56.9%
see
56.7%
illusion
56.6%
above
55.3%
higher
55.1%
get
54.8%
know
54.6%
rose
54.2%
flew
54%
for
53.9%
for
53.9%
them
53.2%
it
52.8%
soaring
51.9%
voices
51.5%
voices
51.5%
could
51.4%
could
51.4%
blind
51.4%
eyes
51.2%
is
51.1%
that
50.2%
beyond
50.1%
glimpse
49.5%
still
49.1%
still
49.1%
I'm
49%
I'm
49%
if
48.4%
Though
48%
Though
48%
wise
46.3%
always
45.9%
mad
45.7%
mind
45.3%
like
45.3%
ocean
44.7%
sea
44.1%
remember
43.6%
ship
43.6%
think
42.4%
surely
42.2%
Surely
42.2%
as
41.6%
with
41.2%
dreaming
41.2%
means
40.1%
claim
38.8%
season
37.9%
about
37.5%
reason
36.4%
Tossed
34.9%
emotion
34%
stormy
32.7%
event
32.6%
fortune
32.4%
Now
30.5%
charade
30%
set
29.9%
well
29.6%
course
29.1%
heaven
28.7%
winds
28.6%
Masquerading
28.5%
waits
28.3%
longer
25%
Nothing
23%
empty
23%
splendor
22.7%
moving
22%
equals
20.2%

You're not logged in!

Compare scores with friends on all Sporcle quizzes.
Join for Free
OR
Log In

You Might Also Like...

Show Comments

Extras

Top Quizzes Today


Score Distribution

Your Account Isn't Verified!

In order to create a playlist on Sporcle, you need to verify the email address you used during registration. Go to your Sporcle Settings to finish the process.

Report this User

Report this user for behavior that violates our Community Guidelines.

Details: